| 000 | 00869nam a22002537a 4500 | ||
|---|---|---|---|
| 003 | OSt | ||
| 005 | 20201030110208.0 | ||
| 008 | 201030s1997 ck a|||gr|||| 00| 0 spa d | ||
| 020 | _a9580437912 | ||
| 040 |
_aCO-JMCR _cCO-JMCR |
||
| 041 | 1 |
_aspa _heng |
|
| 082 | 0 | 4 |
_aC / _bFREp _223 |
| 100 | 1 |
_aFremont, Eleanor _eautor _912292 |
|
| 245 | 1 | 0 |
_aPooh : _bportate bien... no seas brusco / _cEleanor Fremont ; ilustraciones de Darrell Baker ; traducción de María Candelaria Posada |
| 260 |
_aBogotá : _bNorma, _c1997. |
||
| 300 |
_a[21] páginas ; _c20 cm. |
||
| 490 | 0 | _aFiguras Disney | |
| 521 |
_aInfantil - Juvenil _bTapa frontal |
||
| 650 | 2 | 4 |
_aLiteratura infantil _912293 |
| 650 | 2 | 4 |
_aAnimales en la literatura _912294 |
| 700 | 1 |
_aBaker, Darrell, _eilustrador _93237 |
|
| 700 | 1 |
_aCandelaria Posada, María, _etraductora _912295 |
|
| 942 |
_2ddc _cBK |
||
| 999 |
_c7003 _d7003 |
||